<?xml version="1.0" encoding="UTF-8"?>
<collection xmlns="http://www.loc.gov/MARC21/slim">
 <record>
  <leader>00913pamaa2200229   4500</leader>
  <controlfield tag="001">0000043221</controlfield>
  <controlfield tag="005">20130626090000.0</controlfield>
  <controlfield tag="008">080124                             eng  </controlfield>
  <datafield tag="020" ind1="0" ind2="0">
   <subfield code="a">9781877399275 (bkk.) </subfield>
  </datafield>
  <datafield tag="090" ind1="0" ind2="0">
   <subfield code="a">LA2128 </subfield>
   <subfield code="b">MAL 2007</subfield>
  </datafield>
  <datafield tag="100" ind1="1" ind2="0">
   <subfield code="a">Malcolm </subfield>
  </datafield>
  <datafield tag="245" ind1="1" ind2="0">
   <subfield code="a">Crisis of identity? : </subfield>
   <subfield code="b">the mission and management of universities in New Zealand  </subfield>
   <subfield code="c">Wilf Malcolm and Nicholas Tarling.</subfield>
  </datafield>
  <datafield tag="260" ind1="0" ind2="0">
   <subfield code="a">Wellington [N.Z.]: </subfield>
   <subfield code="b">Dunmore Pub., </subfield>
   <subfield code="c">2007.</subfield>
  </datafield>
  <datafield tag="300" ind1=" " ind2=" ">
   <subfield code="a">256p.; </subfield>
   <subfield code="c">21 cm.</subfield>
  </datafield>
  <datafield tag="501" ind1="0" ind2="0">
   <subfield code="a">Library</subfield>
  </datafield>
  <datafield tag="504" ind1="0" ind2="0">
   <subfield code="a">Includes bibliographical references and index</subfield>
  </datafield>
  <datafield tag="650" ind1="0" ind2="0">
   <subfield code="a">Education, Higher -- </subfield>
   <subfield code="x">Aims and objectives -- </subfield>
   <subfield code="x">New Zealand. </subfield>
  </datafield>
  <datafield tag="650" ind1="0" ind2="0">
   <subfield code="a">Higher education and state -- </subfield>
   <subfield code="x">New Zealand. </subfield>
  </datafield>
  <datafield tag="650" ind1="0" ind2="0">
   <subfield code="a">Universities and colleges -- </subfield>
   <subfield code="x">New Zealand -- </subfield>
   <subfield code="x">History </subfield>
  </datafield>
  <datafield tag="650" ind1="0" ind2="0">
   <subfield code="a">Universities and colleges -- </subfield>
   <subfield code="x">New Zealand -- </subfield>
   <subfield code="x">Administration. </subfield>
  </datafield>
  <datafield tag="700" ind1="1" ind2="1">
   <subfield code="a">Tarling, </subfield>
   <subfield code="h">Nicholas </subfield>
  </datafield>
  <datafield tag="901" ind1=" " ind2=" ">
   <subfield code="u">http://www.dunmore.co.nz</subfield>
  </datafield>
 </record>
</collection>
